Vplyv tvorby a zrušenia rezerv na účtovnú závierku diplomová práca

Gespeichert in:
Bibliographische Detailangaben
1. Verfasser: Rodák, Róbert
Körperschaft: Podnikovohospodárska fakulta EU so sídlom v Košiciach. Katedra finančného riadenia podniku
Weitere Verfasser: Ivaničková, Mariana, 1977-
Format: Buch
Sprache:Slowakisch
Veröffentlicht: Košice 2024
Tags: Tag hinzufügen
Keine Tags, Fügen Sie das erste Tag hinzu!

MARC

LEADER 00000nbm a2200000 4500
001 0304004
005 20250227100756.7
041 0 |a slo 
044 |a SK 
245 1 0 |a Vplyv tvorby a zrušenia rezerv na účtovnú závierku  |b diplomová práca  |c Róbert Rodák ; školiteľ: Mariana Ivaničková 
264 1 |a Košice  |c 2024 
300 |a 73 s. 
100 1 |a Rodák, Róbert 
700 1 |a Ivaničková, Mariana, 1977- 
710 2 |a Podnikovohospodárska fakulta EU so sídlom v Košiciach. Katedra finančného riadenia podniku